Library Banner

The Oxford handbook of political theory/ (Record no. 87280)

MARC details
000 -LEADER
fixed length control field 00611nam a2200229Ia 4500
001 - CONTROL NUMBER
control field 74136
003 - CONTROL NUMBER IDENTIFIER
control field OSt
005 - DATE AND TIME OF LATEST TRANSACTION
control field 20160922120928.0
008 - FIXED-LENGTH DATA ELEMENTS--GENERAL INFORMATION
fixed length control field 160804s9999||||xx |||||||||||||| ||und||
020 ## - INTERNATIONAL STANDARD BOOK NUMBER
International Standard Book Number 9780199548439
040 ## - CATALOGING SOURCE
Transcribing agency PK-LaUMT
082 ## - DEWEY DECIMAL CLASSIFICATION NUMBER
Classification number R 320.01
Item number OXF-
100 ## - MAIN ENTRY--PERSONAL NAME
Personal name Dryzek, John S.
245 #4 - TITLE STATEMENT
Title The Oxford handbook of political theory/
Statement of responsibility, etc Dryzek, John S.|Honig, Bonnie|Phillips, Anne
260 ## - PUBLICATION, DISTRIBUTION, ETC. (IMPRINT)
Place of publication, distribution, etc Oxford:
Name of publisher, distributor, etc Oxford University Press,
Date of publication, distribution, etc 2008
300 ## - PHYSICAL DESCRIPTION
Extent 883 p.
546 ## - LANGUAGE NOTE
Language note EN
650 ## - SUBJECT ADDED ENTRY--TOPICAL TERM
Topical term or geographic name as entry element Political science
700 ## - ADDED ENTRY--PERSONAL NAME
Personal name Honig, Bonnie
700 ## - ADDED ENTRY--PERSONAL NAME
Personal name Phillips, Anne
942 ## - ADDED ENTRY ELEMENTS (KOHA)
Koha item type Reference
Source of classification or shelving scheme Dewey Decimal Classification
Holdings
Withdrawn status Lost status Source of classification or shelving scheme Damaged status Not for loan Home library Current library Date acquired Total Checkouts Full call number Barcode Date last seen Price effective from Koha item type
    Dewey Decimal Classification     UMT Main Campus UMT Main Campus 2016-04-08   R 320.01 OXF- 101315 2016-08-04 2016-08-04 Reference